Criteria for equality of VAT, trade margin and production margin volume under perfect competition

Exaktná formulácia kritérií, resp. podmienok rovnosti medzi tromi ukazovateľmi: Po prvé podmienky rovnosti medzi objemom dane z pridanej hodnoty a objemom obchodnej marže. Po druhé podmienky rovnosti medzi objemom obchodnej a objemom výrobnej marže. Na odvodenie vzťahov rovnováhy medzi uvedenými vel...

Descrizione completa

Salvato in:
Dettagli Bibliografici
Autore principale: Strieška, Ľubomír
Altri autori: Neumannová, Anna
Natura: Capitolo di libro
Lingua:inglese
Soggetti:
Tags: Aggiungi Tag
Nessun Tag, puoi essere il primo ad aggiungerne!!

MARC

LEADER 00000naa$a2200000$$$4500
001 0051035
005 20240717104321.5
041 0 |a eng 
044 |a SK 
245 1 0 |a Criteria for equality of VAT, trade margin and production margin volume under perfect competition  |c Ľubomír Strieška, Anna Neumannová 
520 |a Exaktná formulácia kritérií, resp. podmienok rovnosti medzi tromi ukazovateľmi: Po prvé podmienky rovnosti medzi objemom dane z pridanej hodnoty a objemom obchodnej marže. Po druhé podmienky rovnosti medzi objemom obchodnej a objemom výrobnej marže. Na odvodenie vzťahov rovnováhy medzi uvedenými veličinami boli použité metódy riešenia rovníc v podmienkach modelu dokonalej konkurencie 
610 2 0 |a dane z hodnoty pridanej 
610 2 0 |a marža úroková 
610 2 0 |a konkurencia trhová 
610 2 0 |a obchod 
610 2 0 |a ponuka 
610 2 0 |a dopyt 
610 2 0 |a pružnosť cenová 
610 2 0 |a sadzby daňové 
610 2 0 |a monopoly 
610 2 0 |a trh relevantný 
100 1 |a Strieška, Ľubomír 
700 1 |a Neumannová, Anna